Loading...
| Mythology | 0 | 6 | 0 | 0 | 60 | 34 | 77.83 | 1 | 3 | 0.00 | 0.00 |
| Science - Other | 0 | 4 | 1 | 0 | 35 | 54 | 86.00 | 0 | 3 | 0.00 | 0.00 |
| Science - Physics | 0 | 3 | 0 | 1 | 30 | 89 | 102.33 | 1 | 1 | 0.00 | 0.00 |
| Philosophy | 0 | 3 | 2 | 0 | 20 | 71 | 81.33 | 0 | 2 | 0.00 | 0.00 |
| Religion | 0 | 2 | 0 | 0 | 20 | 52 | 72.00 | 0 | 2 | 0.00 | 0.00 |
| Literature - American | 0 | 2 | 0 | 0 | 20 | 76 | 85.50 | 0 | 1 | 0.00 | 0.00 |
| Literature - European | 0 | 2 | 0 | 1 | 20 | 131 | 136.00 | 0 | 0 | 0.00 | 0.00 |
| Literature - World | 0 | 2 | 0 | 0 | 20 | 105 | 116.50 | 0 | 0 | 0.00 | 0.00 |
| Social Science | 0 | 1 | 0 | 0 | 10 | 61 | 61.00 | 1 | 1 | 0.00 | 0.00 |
| Literature - British | 0 | 1 | 0 | 0 | 10 | 51 | 51.00 | 0 | 1 | 0.00 | 0.00 |
| Popular Culture | 0 | 1 | 0 | 0 | 10 | 69 | 69.00 | 0 | 0 | 0.00 | 0.00 |
| Science - Biology | 0 | 1 | 0 | 0 | 10 | 41 | 41.00 | 0 | 1 | 0.00 | 0.00 |
| Fine Arts - Classical Music | 0 | 1 | 0 | 0 | 10 | 108 | 108.00 | 0 | 0 | 0.00 | 0.00 |